00892nam a2200277 a 450000100060000000300090000600800410001501500210005602000150007704000280009204100130012008200170013310000270015024500410017726000410021830000190025949000290027859600080030765000350031565000470035065000160039791700180041394200120043199900170044395201540046024541CO-ViMGA141112s2004 ck r 000 u spa d ack - 2005 - xxxx a9589758851 aCO-ViMGAbspacCO-ViMGA aspabeng04a823.54 K962j1 aKyner, Peter B.93650510aEl jarrón azul / cPeter B. Kyner. aBogotá : bEditorial Skla, c2005. a37 p. ; 20 cm. aColección popular ; 11 a5 714aCuentos estadounidenses 9272714aExito - anecdotas, chistes, satiras93650614aMotivacion  a6103 20051031 2ddccBK c32367d32367 00102ddc40708003aMEVIECARbMEVIECARd2015-12-04h24/ago/2012l1m1o823.54 K962j p25310r2018-10-29 00:00:00s2017-04-08tEj. 1w2015-12-04yBK